000 00420nam a22001697a 4500
005 20240715020613.0
008 240715b |||||||| |||| 00| 0 eng d
020 _a9788189487287
082 _222
_a200
_bREL
245 _aReligion in Indian history
260 _aNew Delhi
_bTulika Books
_c2007
300 _axli, 291 p .,
650 _aIndian Society
650 _aHistory
700 _aHabib, Irfan
_eedt
942 _cL
999 _c5910
_d5910